| 000 | 01303nam a2200193 4500 | ||
|---|---|---|---|
| 999 |
_c3654 _d3654 |
||
| 020 | _a9789988224752 | ||
| 022 | _a9988224753 | ||
| 050 | _aHG173.Ab7 | ||
| 100 | _a Joshua Abor | ||
| 245 |
_aFinancial Markets and Institutions : A Frontier Market Perspective _c Joshua Abor |
||
| 250 | _a1ST ED | ||
| 260 |
_a Tema, Ghana _b Digibooks Ghana Ltd _c2016 |
||
| 300 |
_a 423 pages : _b illustrations ; 24 cm |
||
| 500 | _aIncludes index | ||
| 505 | _a Part I: The financial environment. Introduction ; The economics of financial intermediation and innovations ; Interest rates and term structure of interest rates -- Part II: Banking and other depository institutions. Banks ; Rural and community banks ; Saving and loans institutions and credit unions ; Central bank and monetary policy -- Part III: Non-bank and non-depository institutions. Insurance companies and pension funds ; Finance companies and investment companies ; Investment banks and securities companies -- Part IV: Debt security markets. Money markets ; Bond markets ; Mortgage markets -- Part V: Equity markets. Equity markets -- Part VI: Foreign exchange and derivatives markets. Foreign exchange markets ; Derivative securities markets. | ||
| 650 | _aFinancial Markets and Institutions | ||
| 700 | _a Joshua Abor | ||
| 942 | _cBK | ||